| 000 | 006820000a22002290004500 | ||
|---|---|---|---|
| 001 | 38944 | ||
| 010 | _a972-21-1220-1 | ||
| 100 | _a20050110d1998 k y0pory5003 ba | ||
| 101 | 0 | _apor | |
| 102 | _aPT | ||
| 200 | 1 |
_aEstórias contadas _ecrónicas _fGermano Almeida |
|
| 210 |
_aLisboa _cCaminho _d1998 |
||
| 215 | _a250, [4] p. | ||
| 225 |
_aUma terra sem amos _v96 |
||
| 606 | _aLiteratura africana de expressão portuguesa | ||
| 606 | _aCrónicas | ||
| 675 |
_a83 _zpor |
||
| 675 |
_a821.134.3-4"19" _vBN _zpor |
||
| 675 |
_a821.134.3-94"19" _vBN _zpor |
||
| 700 | 1 |
_aAlmeida _bGermano _f1945- |
|
| 090 | _a38944 | ||
| 942 |
_cMON _n0 |
||
| 999 | _a38944 | ||